000 01054nam a22002897a 4500
001 BR8708131
003 BR-BrBNA
005 20230928092755.0
007 ta
008 230509b bl.||||| |||| 00| 0 por d
040 _aBR-BrBNA
_bpor
_cBiblioteca Nacional de Agricultura
041 _a(Por)
072 _aL72
_b4020
090 _ 4020 BR8708131
100 1 _aGarcia, C.R.
110 1 _aEscola Superior de Agricultura Luiz de Queiroz, Piracicaba, SP (Brasil)
_0Tese (Mestre em Agronomia)
245 1 _aAlguns efeitos das radiacoes gama do cobalto - 60 em Chrysomya megacephala (Fabricius, 1794)(Diptera, Calliphoridae)
246 1 _aSome gamma radiation (60 Co)effects on Chrysomya megacephala (Fabricius, 1794)(Diptera-Calliphoridae)
260 3 _aPiracicaba, SP (Brasil):
_c1987.
300 _a134 p.
500 _a29 illus.; 55 tables; Bibliography p. 124-134 (75 ref.); Summaries (Eng, Por)
650 _aMOSCA VAREJEIRA
650 _aCONTROLE QUIMICO
650 _aRAIO GAMA
909 _a202309
_bLucia
_c55
_dLucia Elande
942 _cBK
999 _c41118
_d41118